Catalog

Record Details

Catalog Search



Missionarisches Handeln am Ende des 20. Jahrhunderts : eine Einführung in die Missiologie Cover Image Book Book

Missionarisches Handeln am Ende des 20. Jahrhunderts : eine Einführung in die Missiologie Hans Ulrich Reifler

Reifler, Hans U. (Author).

Record details

  • ISBN: 3-7655-5771-4
  • Physical Description: 288 S.
  • Publisher: Giessen Brunnen Verlag 1997

Available copies

  • 1 of 1 copy available at Common Catalog SPOK.

Holds

  • 0 current holds with 1 total copy.
Show Only Available Copies
Location Call Number / Copy Notes Barcode Shelving Location Status Due Date
ETS Library 266 424470008273 Volný výběr Available -

LDR 00745nam a2 00241
00138121
003CZ-PrJAB
00520040308000000.0
008001110s1997 xr e |||| |ger
009ge
020 . ‡a3-7655-5771-4
035 . ‡a(CONS)5853
035 . ‡aKPS7592
040 . ‡aABG450
041 . ‡ager
08214. ‡a266
100 . ‡7689 ‡aReifler, Hans U.
245 . ‡aMissionarisches Handeln am Ende des 20. Jahrhunderts : ‡beine Einführung in die Missiologie ‡cHans Ulrich Reifler
260 . ‡aGiessen ‡bBrunnen Verlag ‡c1997
300 . ‡a288 S.
653 . ‡aMissionarisches Handeln am Ende des 20. Jahrhunderts eine Einführung in die Missiologie
8524 . ‡bETS ‡bETS ‡cVolný výběr ‡j266 ‡gA ‡p424470008273
910 . ‡aABG450
999 . ‡a5853 ‡bAUTOGEN ‡c5853 ‡tbiblio
905 . ‡uadmin
901 . ‡a38121 ‡b ‡c38121 ‡tbiblio ‡sets

Additional Resources